Meilleur joueur de Ligue 1 par année (depuis 1994) - Statistiques

Statistiques générales
  • Ce quiz a été pris 453 fois
  • Le résultat moyen est 16 sur 23
Statistiques - réponses
Année Nationalité Club Réponse % Correct
2013 Suédois Paris-Saint-Germain Zlatan Ibrahimovic
98%
2014 Suédois Paris-Saint-Germain Zlatan Ibrahimovic
98%
2016 Suédois Paris-Saint-Germain Zlatan Ibrahimovic
98%
2011 Belge Lille OSC Eden Hazard
96%
2012 Belge Lille OSC Eden Hazard
96%
2015 Français Olympique lyonnais Alexandre Lacazette
92%
2006 Brésilien Olympique lyonnais Juninho
91%
2002 Portugais Girondins de Bordeaux Pauleta
86%
2003 Portugais Girondins de Bordeaux Pauleta
86%
2009 Français Girondins de Bordeaux Yoann Gourcuff
84%
2004 Ivoirien Olympique de Marseille Didier Drogba
81%
2008 Français Olympique lyonnais Karim Benzema
79%
2010 Argentin Olympique lyonnais Lisandro Lopez
79%
2005 Ghanéen Olympique lyonnais Michael Essien
69%
1996 Français Girondins de Bordeaux Zinédine Zidane
57%
1994 Français Paris-Saint-Germain David Ginola
50%
1997 Brésilien AS Monaco Sonny Anderson
48%
2007 Français Olympique lyonnais Florent Malouda
45%
2001 Français FC Nantes Eric Carrière
34%
1998 Italien Paris-Saint-Germain Marco Simone
34%
2000 Argentin AS Monaco Marcelo Gallardo
28%
1999 Algérien Girondins de Bordeaux Ali Benarbia
22%
1995 Français Paris-Saint-Germain Vincent Guérin
20%
Aucun quiz correspondant
Distribution des résultats
% des personnes avec chaque résultat
Percentile par nombre de réponses
Votre historique - résultats
Vous n’avez pas pris ce quiz